[Event "COL-ch sf"]
[Site "Santa Rosa"]
[Date "2021.08.16"]
[Round "10"]
[White "Ramirez, Andres Felipe"]
[Black "Orjuela, Jhonathan"]
[Result "0-1"]
[WhiteElo "1651"]
[BlackElo "2048"]
[PlyCount "44"]
[EventDate "2021.08.11"]
[EventType "swiss"]
[EventRounds "11"]
[EventCountry "COL"]
[SourceTitle "CBM 204 Extra"]
[Source "ChessBase"]
[SourceDate "2021.11.30"]
[SourceVersion "1"]
[SourceVersionDate "2021.11.30"]
[SourceQuality "1"]

1. d4 Nf6 2. c4 c5 3. d5 g6 4. Nc3 Bg7 5. e4 d6 6. Nf3 0-0 7. Be3 e6 8. Bd3 exd5 9. cxd5 Re8 10. h3 Nxe4 11. Bxe4 f5 12. Bxf5 Bxf5 13. 0-0 Nd7 14. g4 Be4 15. Ng5 Bxc3 16. bxc3 Nb6 17. Ne6 Qh4 18. Kh2 Qf6 19. Nc7 Bf3 20. Qc1 Nxd5 21. Nxa8 Nxe3 22. fxe3 Qe5+ 0-1

[Event "COL-ch sf"]
[Site "Santa Rosa"]
[Date "2021.08.15"]
[Round "9"]
[White "Orjuela, Jhonathan"]
[Black "Gonzalez, Leandro"]
[Result "0-1"]
[WhiteElo "2048"]
[BlackElo "1711"]
[PlyCount "50"]
[EventDate "2021.08.11"]
[EventType "swiss"]
[EventRounds "11"]
[EventCountry "COL"]
[SourceTitle "CBM 204 Extra"]
[Source "ChessBase"]
[SourceDate "2021.11.30"]
[SourceVersion "1"]
[SourceVersionDate "2021.11.30"]
[SourceQuality "1"]

1. d4 Nf6 2. c4 g6 3. Nc3 Bg7 4. e4 d6 5. Nf3 0-0 6. Be2 e5 7. 0-0 exd4 8. Nxd4 Re8 9. f3 c6 10. Be3 d5 11. cxd5 cxd5 12. Bb5 Bd7 13. Qb3 Nc6 14. Rad1 a6 15. Bxc6 bxc6 16. Na4 Qe7 17. Qc2 dxe4 18. Nxc6 Bxc6 19. Qxc6 exf3 20. Rxf3 Ng4 21. Bc5 Qh4 22. Qc7 Ne5 23. Ra3 Rac8 24. Qa7 Ng4 25. Rf3 Qxh2+ 0-1

[Event "COL-ch sf"]
[Site "Santa Rosa"]
[Date "2021.08.13"]
[Round "4"]
[White "Garces Trujillo, Luis Javier"]
[Black "Orjuela, Jhonathan"]
[Result "0-1"]
[WhiteElo "1898"]
[BlackElo "2048"]
[PlyCount "60"]
[EventDate "2021.08.11"]
[EventType "swiss"]
[EventRounds "11"]
[EventCountry "COL"]
[SourceTitle "CBM 204 Extra"]
[Source "ChessBase"]
[SourceDate "2021.11.30"]
[SourceVersion "1"]
[SourceVersionDate "2021.11.30"]
[SourceQuality "1"]

1. d4 Nf6 2. c4 e5 3. dxe5 Ng4 4. Bf4 Nc6 5. Nf3 Bb4+ 6. Nc3 Qe7 7. Qd5 d6 8. exd6 cxd6 9. h3 Be6 10. Qd3 Nge5 11. Bxe5 dxe5 12. a3 Rd8 13. Qc2 e4 14. Qxe4 Bxc3+ 15. bxc3 Qf6 16. Rc1 Qe7 17. Ra1 Qf6 18. Rc1 0-0 19. e3 Rfe8 20. Qb1 Bf5 21. Qb2 Be4 22. Be2 b6 23. 0-0 Bxf3 24. Bxf3 Ne5 25. Be2 Rc8 26. Qb5 Qe7 27. Qb4 Qe6 28. Rfd1 Nxc4 29. Rd4 Ne5 30. Rcd1 Nc6 0-1

[Event "COL pre olympic sf3"]
[Site "Dosquebradas"]
[Date "2018.06.04"]
[Round "10"]
[White "Martinez Zuluaica, Julian"]
[Black "Orjuela, Jhonathan"]
[Result "0-1"]
[WhiteElo "2115"]
[BlackElo "2030"]
[PlyCount "41"]
[EventDate "2018.05.30"]
[EventType "swiss"]
[EventRounds "10"]
[EventCountry "COL"]
[SourceTitle "CBM 184 Extra"]
[Source "ChessBase"]
[SourceDate "2018.06.28"]
[SourceVersion "1"]
[SourceVersionDate "2018.06.28"]
[SourceQuality "1"]

1. d4 Nf6 2. Nf3 g6 3. g3 Bg7 4. Bg2 0-0 5. 0-0 d6 6. c4 c5 7. dxc5 dxc5 8. Nc3 Nc6 9. Be3 Qa5 10. Qa4 Be6 11. Qxa5 Nxa5 12. Bxc5 Bxc4 13. Ne5 Rac8 14. Bxa7 Be6 15. Bb6 Nc4 16. Nxc4 Rxc4 17. Rfd1 Rb4 18. Bc5 Rxb2 19. Rab1 Rc2 20. Rdc1 Rxc1+ 21. Rxc1 0-1

[Event "Dosquebrad op"]
[Site "Dosquebrad"]
[Date "2013.06.19"]
[Round "1"]
[White "Orjuela, Jhonathan"]
[Black "Munoz Duque, Juan Carlos"]
[Result "1-0"]
[WhiteElo "2027"]
[BlackElo "1600"]
[PlyCount "59"]
[EventDate "2013.06.19"]
[EventType "swiss"]
[EventRounds "7"]
[EventCountry "COL"]
[SourceTitle "CBM 155 Extra"]
[Source "ChessBase"]
[SourceDate "2013.08.26"]
[SourceVersion "1"]
[SourceVersionDate "2013.08.26"]
[SourceQuality "1"]

1. d4 Nf6 2. Nf3 g6 3. c4 Bg7 4. Nc3 0-0 5. e4 d6 6. Be2 Nbd7 7. 0-0 e5 8. d5 h6 9. Ne1 Nc5 10. Qc2 a5 11. Be3 b6 12. f3 Bd7 13. b3 Nh5 14. Nd3 Nxd3 15. Bxd3 Nf4 16. a3 Qg5 17. Kh1 Qe7 18. b4 axb4 19. axb4 f5 20. c5 bxc5 21. bxc5 dxc5 22. Bb5 Bxb5 23. Nxb5 Qd7 24. Qxc5 Rfb8 25. Rxa8 Rxa8 26. Nxc7 Rc8 27. d6 Bf8 28. Bxf4 exf4 29. e5 Kh7 30. Ra1 1-0